00479nam a22001697a 450000500170000001000110001702000260002803500170005403500130007103700150008408200060009910000200010524500770012526000300020227000560023230000210028820170529142827.0 a1617EN a9789382711643c245.00 aB-648595-607 aB-664765 adpl bStar aS aChowdhury, K.L. aWhy don't you convert ? :cby K.L. Chowdhuryband other short stories /  aNew Delhi bVitastac2015 a2/15, Ansari Road, Darya Ganj, bNew Delhi e110002 a263p.c19cm(pbk)